000 00546nam a2200205Ia 4500
003 GCL
008 140319s9999 xx 000 0 eng d
040 _aGCL /
_cGCL
082 0 4 _a944.0816
_bC F
100 1 _aCREMIEU - BRILAHAC,
245 1 0 _aLA FRANCE LIBRE: DE L'APPEL DIR 18 JUIN A LE LIBERATION /
_cCREMIEU - BRILAHAC,
700 1 _aLOUIS - JEAN
260 _a[S.N] :
_bGALLIMARD ،
_c1996
300 _a969 P
650 0 4 _aHISTORY
650 0 4 _aLIBERALISM
650 0 4 _aWORLD WAR II
650 0 4 _aFRENCH HISTORY
942 _2ddc
_cBK
999 _c15271
_d15271